[Event "401 Stay Safe Play From Home series"]
[Site "Emanuel Lasker Arena"]
[Date "2020.08.21"]
[Round "4"]
[White "Oscolucano"]
[Black "Klasman"]
[Result "1-0"]
[WhiteElo "1113"]
[BlackElo "1369"]
[Annotator "NA RC"]
[PlyCount "57"]
[EventDate "2020.08.21"]
[EventType "swiss (blitz)"]

1. d4 {[%emt 0:00:01]} f5 {[%emt 0:00:01]} 2. c4 {[%emt 0:00:00]} Nf6 {[%emt 0:00:01]} 3. Nc3 {[%emt 0:00:00]} e6 {[%emt 0:00:01]} 4. g3 {[%emt 0:00:00]} d5 {[%emt 0:00:01]} 5. Bg2 {[%emt 0:00:01]} c6 {[%emt 0:00:01]} 6. Nf3 {[%emt 0:00:01]} Bb4 {[%emt 0:00:01]} 7. Bg5 {[%emt 0:00:01]} Qa5 {[%emt 0:00:02]} 8. Bd2 {[%emt 0:00:05]} Bxc3 {[%emt 0:00:03]} 9. Bxc3 {[%emt 0:00:01]} Qd8 {[%emt 0:00:05]} 10. O-O {[%emt 0:00:01]} O-O {[%emt 0:00:02]} 11. Ne5 {[%emt 0:00:02]} Nbd7 {[%emt 0:00:02]} 12. f4 {[%emt 0:00:02]} Nxe5 {[%emt 0:00:01]} 13. fxe5 {[%emt 0:00:03]} Ne4 {[%emt 0:00:01]} 14. Bxe4 {[%emt 0:00:04]} dxe4 {[%emt 0:00:01]} 15. Qb3 {[%emt 0:00:02]} Qg5 {[%emt 0:00:04]} 16. Rf4 {[%emt 0:00:03]} h5 {[%emt 0:00:02]} 17. Raf1 {[%emt 0:00:05]} Rb8 {[%emt 0:00:01]} 18. Bb4 {[%emt 0:00:02]} Rf7 {[%emt 0:00:02]} 19. Bd6 {[%emt 0:00:02]} Ra8 {[%emt 0:00:02]} 20. d5 {[%emt 0:00:01]} exd5 {[%emt 0:00:04]} 21. cxd5 {[%emt 0:00:01]} cxd5 {[%emt 0:00:03]} 22. Qxd5 {[%emt 0:00:03]} Bd7 {[%emt 0:00:05]} 23. e6 {[%emt 0:00:02]} Bxe6 {[%emt 0:00:04]} 24. Qxe6 {[%emt 0:00:01]} Rd8 {[%emt 0:00:01]} 25. Rxf5 {[%emt 0:00:01]} Qe3+ {[%emt 0:00:03]} 26. Kh1 {[%emt 0:00:02]} Rxd6 {[%emt 0:00:01]} 27. Qxf7+ {[%emt 0:00:02]} Kh8 {[%emt 0:00:02]} 28. Qe8+ {[%emt 0:00:01]} Kh7 {[%emt 0:00:01]} 29. Qxh5+ {[%emt 0:00:01] Time Time Time (Lag: Av=0.55s, max=0.8s) (Lag: Av=0.55s, max=0.8s) (Lag: Av=0.55s, max=0.8s)} 1-0

[Event "401 Stay Safe Play From Home series"]
[Site "Emanuel Lasker Arena"]
[Date "2020.08.21"]
[Round "5"]
[White "NTBT_DHS"]
[Black "MihailoVujic"]
[Result "0-1"]
[WhiteElo "2520"]
[BlackElo "2244"]
[Annotator "TA"]
[PlyCount "164"]
[EventDate "2020.08.21"]
[EventType "swiss (blitz)"]

{[%evp 9,163,16,62,31,93,8,26,21,25,24,10,6,8,24,25,-11,-8,-6,-6,-109,-8,-13,0,-122,23,0,0,0,40,-230,9,30,39,-8,33,28,28,23,29,22,140,122,137,128,140,138,241,80,267,235,756,713,762,451,497,391,668,655,512,512,497,504,819,831,777,440,844,843,843,835,827,829,828,826,813,0,813,806,796,783,700,0,807,801,797,548,481,278,29998,313,509,550,736,723,889,849,4670,3791,1089,-29974,-29976,-29975,-29977,-29980,-29975,-29981,-29982,-29979,-29980,-29985,-29986,-29985,-29986,-29987,-29988,-29988,-29987,-29987,-29987,-29987,-29988,-29988,-29988,-29988,-29989,-29989,-29989,-29989,-29990,-29990,-29991,-29991,-29992,-29992,-29993,-29993,-29993,-29993,-29992,-29992,-29993,-29993,-29994,-29995,-29995,-29996,-29993,-29996,-29995,-29996,-29996,-29997,-29996,-29998,-29999,-29999]} 1. d4 d5 2. Nc3 Nc6 3. Bf4 Bg4 4. f3 Bh5 {[#]} 5. Qd3 $146 ({Predecessor:} 5. g4 Bg6 6. a3 f6 7. Bg3 e5 8. e4 Nxd4 9. Nxd5 c6 10. Ne3 Qe7 11. c3 {0-1 (41) Morcella,F-Cheah,E (1948) Penang 2019}) 5... f6 6. Qb5 {D00: 1 d4 d5: Unusual lines.} Qd7 (6... Bf7 $14) 7. Nxd5 (7. e4 $1 $16) 7... O-O-O $1 $11 8. e4 {White has an edge.} Nxd4 9. Qxd7+ Rxd7 10. O-O-O e5 $36 {[%mdl 2048] Black is pushing.} 11. Be3 Bc5 12. c3 Ne6 {Threatens to win with ...Rxd5!} 13. Bxc5 Nxc5 14. Bc4 {[#]} (14. Ne3 $11) 14... c6 (14... Nxe4 $1 $17 {[%mdl 512] Hoping for ...Nf2.} 15. Nh3 (15. fxe4 Bxd1) 15... Nd6) 15. Ne3 Rxd1+ 16. Kxd1 (16. Nxd1 $11 b5 17. b4) 16... Ne7 (16... Nxe4 $1 $17 {And now ...Nf2+ would win.} 17. Ke2 Nd6) 17. Ne2 Rd8+ 18. Kc2 Bg6 19. g4 $2 {[%mdl 8192]} (19. b4 $14 {stays ahead.} Na4 20. Bb3) 19... h6 $2 (19... b5 $19 20. Bb3 Nxe4 $1 {[%mdl 512]}) 20. Ng3 b5 21. Bb3 Nxb3 22. axb3 Nd5 23. Nef5 Bxf5 $1 24. Nxf5 {[%mdl 4096] Endgame KRN-KRN} Nf4 (24... g6 $1 $11) 25. Nxg7 $16 Rd3 26. Rf1 Re3 {[#]} 27. Rf2 $1 Kc7 (27... Re1 $16) 28. Ne6+ $2 (28. h4 $18) 28... Nxe6 $2 (28... Kd6 $16 29. Ng7 Nh3 30. Nf5+ Ke6 31. Nxe3 Nxf2) 29. Kd2 $18 {[#]} Rxf3 $2 (29... Rxc3 $1 {[%mdl 512]} 30. bxc3 a5) 30. Rxf3 {KR-KN} Nf4 31. h4 Kd6 32. Rg3 Ke6 $2 (32... a5 33. Rg1 Ne6) 33. g5 hxg5 34. hxg5 fxg5 35. Rxg5 Kf6 (35... a5 $142 36. Rg8 Ke7) 36. Rf5+ Ke6 37. Ke3 Ng6 (37... Ng2+ $142 38. Kd2 Nf4) 38. Rg5 Ne7 39. Rg7 Kf6 40. Rh7 a5 41. Rh6+ Ng6 42. Rh7 Ne7 43. Rh1 Ke6 44. Rf1 Kd6 45. Rh1 $2 ({Better is} 45. Rf8 $18 {Strongly threatening Ra8.} c5 46. Rb8) 45... Kc5 $2 {[%mdl 8192]} (45... Ke6 $11 46. Ra1 Ng6 47. Rxa5 Kd6) 46. Rh6 Nc8 47. Kd3 Nb6 48. Kc2 (48. Ke2 $142) 48... a4 $2 (48... Nd7 $18 49. Re6 Kb6) 49. Rh4 $2 (49. b4+ {mates} Kc4 50. Rxc6#) 49... axb3+ $2 (49... Kd6 {was necessary.} 50. Rh6+ Kd7 51. bxa4 Nxa4) 50. Kxb3 Nc4 51. Kc2 Ne3+ 52. Kd3 Ng2 53. b4+ Kd6 54. Rh5 $4 {[%mdl 8192]} (54. Rh6+ $18 Kd7 55. Ke2) 54... Nf4+ {[%mdl 64] Double Attack. Black mates.} 55. Ke3 Nxh5 {KN-K3P} 56. c4 Nf6 57. c5+ Ke6 58. Kf3 {[#]} Nd5 $1 59. Kg3 (59. exd5+ Kxd5) 59... Nxb4 {KN-KPP} 60. Kf3 Nd3 61. Ke3 Nxc5 62. Kf3 {[#]} Nxe4 $1 63. Kxe4 {KP-KP} Kd6 64. Kd3 Kd5 65. Kc3 c5 66. Kb3 c4+ 67. Kc3 Kc5 68. Kc2 b4 69. Kd2 Kd4 70. Kc2 e4 71. Kd2 e3+ 72. Ke2 c3 73. Kd1 {[#]} c2+ $1 {[%mdl 64] Decoy, Promotion} 74. Kxc2 {[#]} b3+ $1 75. Kd1 (75. Kxb3 e2) 75... Kd3 76. Kc1 {[#]} b2+ $1 77. Kb1 (77. Kxb2 e2) 77... Kd2 78. Ka2 e2 79. Kb3 e1=Q 80. Ka3 Qd1 81. Ka2 b1=Q+ 82. Ka3 Qdb3# {What a bad dream for White. Accuracy: White = 59%, Black = 46%.} 0-1

[Event "401 Stay Safe Play From Home series"]
[Site "Emanuel Lasker Arena"]
[Date "2020.08.21"]
[Round "5"]
[White "IceQueen"]
[Black "Lazieri3"]
[Result "1-0"]
[WhiteElo "2437"]
[BlackElo "1974"]
[Annotator "TA"]
[PlyCount "93"]
[EventDate "2020.08.21"]
[EventType "swiss (blitz)"]

{[%evp 13,93,29,50,46,70,57,73,50,114,26,114,-19,-11,-16,215,27,68,-19,64,-8,15,0,5,6,18,-14,40,12,21,0,168,73,456,439,450,393,397,378,378,314,316,309,315,312,305,294,306,298,399,397,379,360,460,453,439,421,408,0,410,0,345,337,337,240,232,244,354,339,345,297,287,279,276,280,319,332,536,521,12054,6295,29970,29972]} 1. e4 c6 2. Nc3 d5 3. d4 dxe4 4. Nxe4 Nf6 5. Nxf6+ exf6 6. c3 Bd6 7. Bd3 Be6 8. Ne2 {B15: Caro-Kann: 3 Nc3: 3...g6 and 3...dxe4 4 Nxe4 Nf6 5 Nxf6+ exf6.} Nd7 9. Qc2 Qc7 10. h3 {White is better.} O-O-O {[#]} (10... c5 $14) 11. Bd2 $146 ({White should play} 11. c4 $16) ({Predecessor:} 11. c4 Bb4+ 12. Bd2 Qa5 13. Bxb4 Qxb4+ 14. Qd2 Qxd2+ 15. Kxd2 f5 16. Kc3 Nf6 17. Nf4 {½-½ (53) Mokry,K (2495)-Mirkovic,S (2395) Belgrade 1988}) 11... g6 (11... c5 $1 $11 {keeps the balance.}) 12. O-O-O ({White should try} 12. b4 $16) 12... Bxa2 13. c4 {aiming for Nc3.} b5 $2 {[#]} (13... Qb6 $1 $11 14. c5 Bxc5) 14. cxb5 $2 (14. c5 $1 $18 {[%cal Rc5d6]} Bxc5 15. dxc5) 14... cxb5 15. Qxc7+ (15. Nc3 $1 $14 Bc4 16. Nxb5 Bxb5 17. Bxb5) 15... Kxc7 (15... Bxc7 $11 16. Bxb5 Bd5) 16. Bxb5 (16. Nc3 $14 Bb3 17. Nxb5+ {[%mdl 64] Double Attack} Kc6 18. Rde1 (18. Nxa7+ Kb6 $14) (18. Nxd6 Kxd6 19. Rde1 Rhe8 $14)) 16... Kb6 {Threatens to win with ...Rc8+.} 17. Bd3 Rc8+ 18. Nc3 Bb3 19. Rde1 Rhe8 (19... Rhd8 $11) 20. Kb1 Nb8 21. Be3 Nc6 $2 {[#] White leaves nothing to chance now.} (21... Red8 $11) 22. d5+ (22. Ne4 $1 $18 {[%cal Re4d6] and the rest is easy.} Kc7 23. Rc1 (23. Nxf6 Re6 $16)) 22... Bc5 $2 {[%mdl 8192]} (22... Rxe3 $16 23. Rxe3 Nb4) 23. Bxc5+ $18 ({Weaker is} 23. dxc6 Bxe3 24. fxe3 f5 $18) 23... Kxc5 24. dxc6 Rxe1+ 25. Rxe1 Rxc6 26. Rc1 Kb6 27. Be4 Rd6 28. Bc2 Bc4 29. Na4+ Kb5 30. b3 Bd3 31. Kb2 Bxc2 32. Rxc2 {[%mdl 4096] Endgame KRN-KR} ({Don't do} 32. Kxc2 f5 $18) 32... Kb4 33. Rc4+ Kb5 34. Rc5+ Kb4 35. Rc4+ Kb5 $1 36. Rc2 Kb4 $1 37. Nc3 Rd3 38. Ne4 Rxb3+ 39. Kc1 a5 (39... f5 $142) 40. Nxf6 a4 41. Nd5+ Kb5 42. Nc3+ Kb4 43. Na2+ Ka3 44. Kd2 f5 $2 (44... Rb5 {was necessary.} 45. Nc1 Kb4) 45. Nc1 Kb4 46. Nxb3 axb3 47. Rb2 {Accuracy: White = 59%, Black = 43%.} 1-0

[Event "401 Stay Safe Play From Home series"]
[Site "Emanuel Lasker Arena"]
[Date "2020.08.21"]
[Round "5"]
[White "AChessPlayer"]
[Black "Lamborghini"]
[Result "1-0"]
[WhiteElo "2430"]
[BlackElo "2276"]
[Annotator "TA"]
[PlyCount "109"]
[EventDate "2020.08.21"]
[EventType "swiss (blitz)"]

{[%evp 16,109,0,0,0,-12,-9,-14,0,-7,0,12,5,-27,0,0,16,9,49,0,0,7,17,12,47,48,41,32,157,154,134,57,189,197,188,163,172,114,296,286,289,286,291,-86,-13,-98,58,60,247,315,386,227,212,140,361,335,953,953,923,652,1131,1412,1338,1351,1257,1194,1071,990,1240,1192,1557,1642,1504,1262,6189,5608,1949,4894,2844,1772,5189,5193,29982,29983,29984,29985,29985,29986,29986,29986,29986,29987,29987,29987,29991,29992]} 1. Nf3 Nf6 2. g3 g6 3. Bg2 Bg7 4. O-O O-O 5. d3 d6 6. Nbd2 Nbd7 7. e4 e5 8. a4 a5 9. Nc4 b6 {[#] A05: Réti Opening: 1 Nf3 Nf6.} 10. Bd2 $146 ({Predecessor:} 10. c3) 10... Bb7 11. Qc1 Re8 {The position is equal.} 12. Bh6 Qe7 (12... Nh5 {is interesting.} 13. Re1 Ba6 14. Be3 Nhf6 15. b3 Qe7) 13. Bxg7 Kxg7 14. Nh4 Kh8 15. Ne3 Ng8 16. Qe1 c6 17. c3 Nc5 18. Qd1 Rad8 19. Nf3 d5 20. exd5 cxd5 21. d4 Ne4 (21... e4 $14 22. dxc5 exf3 23. Bxf3 Qxc5) 22. Nxe5 f6 23. Nd3 (23. Bxe4 $1 $16 dxe4 24. N5c4) 23... Nh6 (23... Nxf2 $1 $14 24. Nxf2 Qxe3) 24. Re1 Qd6 25. Nf4 f5 26. Qb3 (26. Qd3 $18) 26... Re7 $2 {[#]} (26... g5 $16 27. Nd3 f4) 27. Nexd5 $1 {[%mdl 512]} Bxd5 28. Nxd5 Qxd5 29. Qxb6 $2 {[#]} (29. Qxd5 $18 Rxd5 30. f3) 29... Rde8 ({Black should play} 29... Rb7 $1 $17 {[%cal Rb7b6]} 30. Bxe4 fxe4 31. Qf6+ Kg8 32. Rxe4 Rf8) 30. Qb5 (30. Re2 $11 {keeps the balance.}) 30... Qd6 $2 (30... Qd8 $17 {aiming for ...Nxc3!} 31. Bxe4 Nf7) 31. Qxa5 $14 Nf6 $2 {White now steadily converts the win.} (31... Ng4 $14) 32. Rxe7 $18 Rxe7 33. Qa8+ (33. Qc5 $142 Qd8 34. a5) 33... Kg7 34. a5 {[%cal Ba4a5,Ba5a6][%mdl 32] Strongly threatening a6.} Nhg4 $2 (34... Qe6 $16 {might work better.}) 35. a6 {Threatens to win with a7.} Nxf2 $2 (35... Qb6 36. b4 Ne4) 36. a7 ({Less strong is} 36. Kxf2 Qe6 $18) 36... N2g4 37. Qf3 Rxa7 38. Rxa7+ Kh6 39. Qf4+ Qxf4 40. gxf4 {[%mdl 4096] Endgame KRB-KNN} Ne3 41. Bf3 Nc2 42. d5 g5 43. fxg5+ Kxg5 44. d6 Kf4 45. d7 Nxd7 46. Rxd7 Kxf3 47. Rxh7 {KR-KN} f4 48. Re7 Ne3 {[#]} 49. Rxe3+ $1 {White mates.} Kxe3 {[#] KP-KP} 50. Kf1 $1 f3 51. h4 Kf4 52. b4 {[%cal Bb2b4,Bb4b5,Bb5b6,Bb6b7][%mdl 32]} Kg4 53. b5 Kf5 54. b6 Ke4 55. b7 {Accuracy: White = 64%, Black = 34%.} 1-0

[Event "401 Stay Safe Play From Home series"]
[Site "Emanuel Lasker Arena"]
[Date "2020.08.21"]
[Round "5"]
[White "Hickey"]
[Black "Mepe_Nika"]
[Result "1-0"]
[WhiteElo "2216"]
[BlackElo "2317"]
[Annotator "TA"]
[PlyCount "117"]
[EventDate "2020.08.21"]
[EventType "swiss (blitz)"]

{[%evp 9,117,0,10,-11,3,-17,-9,-14,-13,-18,-9,-10,-10,-18,0,0,0,0,0,-5,14,-18,0,-19,-18,-18,-7,-25,-10,-27,0,-17,-21,-18,47,40,53,68,77,72,76,0,83,-7,18,40,74,0,581,578,577,566,575,571,802,795,960,923,1522,1030,29971,29973,29991,29992,29992,29991,29991,29992,29992,29993,29997,29975,29974,29975,5789,1261,1409,-80,-77,-307,-304,-609,-577,-452,-333,-244,0,0,29986,8,8,8,8,0,401,304,1079,974,29970,29974,5521,1920,29974,29973,29970,29971,6203,5106,29989,29990]} 1. Nf3 d5 2. b3 Bf5 3. Bb2 e6 4. d3 Nf6 5. Nbd2 h6 6. e3 {A06: Réti Opening: 1 Nf3 d5.} Be7 7. Be2 O-O 8. O-O {The position is equal.} a5 9. a3 Nbd7 10. c4 c6 11. d4 {[#]} Ne4 $146 ({Predecessor:} 11... Qb8 12. Rc1 b5 13. c5 Qc7 14. h3 Rfe8 15. Re1 Rad8 16. Nf1 Ne4 {0-1 (43) Smith,D (1694)-Koch,C (2200) LSS email 2011}) 12. Nxe4 Bxe4 13. Nd2 Bg6 14. Rc1 Bf6 15. Bf3 Re8 16. Nb1 a4 17. b4 dxc4 18. Rxc4 e5 19. d5 e4 20. Bxf6 Qxf6 21. Be2 {Threatens to win with dxc6.} Ne5 (21... Nb6 $11 22. Rc5 Nxd5) 22. Rd4 $14 Rad8 23. Nc3 cxd5 24. Nxd5 Qg5 25. Nf4 (25. g3 $16 {Strongly threatening h4.} Kh8 26. Nf4 (26. Qxa4 Nc6 $17)) 25... Bf5 (25... Rxd4 $11 26. Qxd4 Nf3+ 27. Bxf3 exf3) 26. g3 (26. Rxd8 $16 Rxd8 27. Qxa4) 26... Bg4 27. Bxg4 Nxg4 28. h4 ({Better is} 28. Qxa4 $16 Ra8 29. Qc2) 28... Qf6 $2 {[%mdl 8192]} (28... Rxd4 $11 29. Qxd4 (29. hxg5 Rxd1 30. Rxd1 hxg5 $11) (29. exd4 Qf5 $11) (29. Qxa4 $2 Qe7 $19) 29... Qf5) 29. Rxd8 $18 Rxd8 30. Qxg4 Qc3 31. Rd1 Rf8 32. Nh5 g6 33. Rd6 Kh7 34. Nf4 Rg8 35. h5 g5 36. Qf5+ {[%mdl 64] Double Attack} Kg7 {[#]} 37. Rd7 $1 Qa1+ {[#]} 38. Kg2 $1 Qf6 39. Ne6+ Kh8 40. Rxf7 {[%csl Gf5][%cal Rf7h7]} Qxf5 41. Rxf5 {[%mdl 4096] Endgame KRN-KR} Re8 42. Nc5 Kg7 43. Rf6 $2 (43. Nxb7 $18 Rb8 44. Nc5) 43... Kxf6 $17 {KR-KN} 44. Nd7+ $2 {[#]} (44. Nxb7 $17 g4 45. Nc5) 44... Ke6 $1 $19 {[%cal Re6d7]} 45. Nc5+ $2 {[#]} (45. Nb6) 45... Kd5 $1 46. Nxa4 Kc4 47. Nc5 Rd8 $2 ({Black should play} 47... b5 $19 {And now ...Ra8 would win.} 48. g4 Ra8 49. Nxe4 Rxa3) 48. Nxb7 $11 Kb3 $2 {[%mdl 8192]} (48... Rd1 $11) 49. Nc5+ $2 (49. Nxd8 {mates} Ka4 50. Nf7 Kb3 51. b5 Ka2 52. b6 Kxa3 53. Nxh6 Kb4 54. b7) 49... Kxa3 50. Nxe4 Kxb4 51. Nf6 Ka3 $2 {[%mdl 8192]} (51... Rd6 $11 {and Black stays safe.} 52. Ng4 Kc5) 52. Ng4 Rd2 $2 (52... Kb4 53. Nxh6 Rh8) 53. Nxh6 $18 Ra2 54. Nf7 Kb2 55. Nxg5 (55. h6 $142 Ra8 56. h7) 55... Kc1 56. Ne6 Kd1 57. Nf4 Ke1 58. Nh3 Rxf2+ 59. Nxf2 {What a fight! Accuracy: White = 66%, Black = 52%.} 1-0

[Event "401 Stay Safe Play From Home series"]
[Site "Emanuel Lasker Arena"]
[Date "2020.08.21"]
[Round "5"]
[White "Fat Kevin"]
[Black "Schachwerk_64"]
[Result "1-0"]
[WhiteElo "2001"]
[BlackElo "1948"]
[Annotator "NA RC"]
[PlyCount "47"]
[EventDate "2020.08.21"]
[EventType "swiss (blitz)"]

1. d4 {[%emt 0:00:01]} Nc6 {[%emt 0:00:00]} 2. c4 {[%emt 0:00:00]} d5 {[%emt 0:00:01]} 3. Nc3 {[%emt 0:00:00]} dxc4 {[%emt 0:00:01]} 4. e4 {[%emt 0:00:00]} e5 {[%emt 0:00:01]} 5. d5 {[%emt 0:00:02]} Nd4 {[%emt 0:00:01]} 6. Bxc4 {[%emt 0:00:01]} Bb4 {[%emt 0:00:02]} 7. Nf3 {[%emt 0:00:01]} Qd6 {[%emt 0:00:03]} 8. Nxd4 {[%emt 0:00:02]} exd4 {[%emt 0:00:01]} 9. Qxd4 {[%emt 0:00:00]} Ne7 {[%emt 0:00:05]} 10. Qxg7 {[%emt 0:00:02]} Rg8 {[%emt 0:00:02]} 11. Qxh7 {[%emt 0:00:01]} Bg4 {[%emt 0:00:05]} 12. O-O {[%emt 0:00:03]} O-O-O {[%emt 0:00:03]} 13. Qh6 {[%emt 0:00:02]} f6 {[%emt 0:00:04]} 14. Bf4 {[%emt 0:00:02]} Qb6 {[%emt 0:00:06]} 15. Be3 {[%emt 0:00:02]} Qa5 {[%emt 0:00:08]} 16. Qxf6 {[%emt 0:00:02]} Bh3 {[%emt 0:00:03]} 17. g3 {[%emt 0:00:03]} Ng6 {[%emt 0:00:04]} 18. Rfc1 {[%emt 0:00:04]} Rdf8 {[%emt 0:00:02]} 19. Qd4 {[%emt 0:00:02]} b6 {[%emt 0:00:04]} 20. Bf1 {[%emt 0:00:01]} Bxc3 {[%emt 0:00:01]} 21. Qxc3 {[%emt 0:00:03]} Qb5 {[%emt 0:00:01]} 22. Bxb5 {[%emt 0:00:02]} Nh4 {[%emt 0:00:01]} 23. Ba6+ {[%emt 0:00:00]} Kd8 {[%emt 0:00:02]} 24. Qxc7+ {[%emt 0:00:00] Zeit Zeit Zeit (Lag: Av=0.39s, max=0.6s) (Lag: Av=0.39s, max=0.6s) (Lag: Av=0.39s, max=0.6s) ' ' '} 1-0

[Event "401 Stay Safe Play From Home series"]
[Site "Emanuel Lasker Arena"]
[Date "2020.08.21"]
[Round "5"]
[White "Trotsky"]
[Black "Buzaglo"]
[Result "0-1"]
[WhiteElo "1591"]
[BlackElo "1858"]
[Annotator "NA RC"]
[PlyCount "78"]
[EventDate "2020.08.21"]
[EventType "swiss (blitz)"]

1. d4 {[%emt 0:00:02]} e6 {[%emt 0:00:00]} 2. e3 {[%emt 0:00:00]} d5 {[%emt 0:00:00]} 3. c4 {[%emt 0:00:00]} Nf6 {[%emt 0:00:00]} 4. Nc3 {[%emt 0:00:00]} c5 {[%emt 0:00:02]} 5. Nf3 {[%emt 0:00:01]} cxd4 {[%emt 0:00:00]} 6. exd4 {[%emt 0:00:01]} dxc4 {[%emt 0:00:00]} 7. Be3 {[%emt 0:00:01]} Bb4 {[%emt 0:00:01]} 8. Bxc4 {[%emt 0:00:01]} O-O {[%emt 0:00:01]} 9. Qc2 {[%emt 0:00:01]} Nc6 {[%emt 0:00:01]} 10. O-O-O {[%emt 0:00:01]} Qa5 {[%emt 0:00:03]} 11. Bd3 {[%emt 0:00:01]} g6 {[%emt 0:00:02]} 12. h4 {[%emt 0:00:01]} Bxc3 {[%emt 0:00:03]} 13. bxc3 {[%emt 0:00:01]} Qa3+ {[%emt 0:00:01]} 14. Kd2 {[%emt 0:00:01]} Qd6 {[%emt 0:00:06]} 15. Ng5 {[%emt 0:00:02]} Nd5 {[%emt 0:00:03]} 16. h5 {[%emt 0:00:01]} Nxe3 {[%emt 0:00:01]} 17. fxe3 {[%emt 0:00:01]} Qg3 {[%emt 0:00:02]} 18. Nxh7 {[%emt 0:00:05]} Rd8 {[%emt 0:00:08]} 19. hxg6 {[%emt 0:00:03]} Ne7 {[%emt 0:00:04]} 20. gxf7+ {[%emt 0:00:03]} Kxf7 {[%emt 0:00:01]} 21. Rhf1+ {[%emt 0:00:02]} Ke8 {[%emt 0:00:01]} 22. Nf6+ {[%emt 0:00:05]} Kf8 {[%emt 0:00:01]} 23. Rh1 {[%emt 0:00:04]} Nf5 {[%emt 0:00:01]} 24. Rh8+ {[%emt 0:00:01]} Ke7 {[%emt 0:00:00]} 25. d5 {[%emt 0:00:02]} Rxh8 {[%emt 0:00:02]} 26. d6+ {[%emt 0:00:02]} Kxf6 {[%emt 0:00:01]} 27. d7 {[%emt 0:00:02]} Bxd7 {[%emt 0:00:01]} 28. Rf1 {[%emt 0:00:02]} Qxg2+ {[%emt 0:00:01]} 29. Kc1 {[%emt 0:00:02]} Qd5 {[%emt 0:00:02]} 30. Kb2 {[%emt 0:00:01]} Qd6 {[%emt 0:00:03]} 31. e4 {[%emt 0:00:01]} Ke7 {[%emt 0:00:03]} 32. exf5 {[%emt 0:00:01]} Kd8 {[%emt 0:00:00]} 33. fxe6 {[%emt 0:00:01]} Bxe6 {[%emt 0:00:00]} 34. Bf5 {[%emt 0:00:01]} Qb6+ {[%emt 0:00:00]} 35. Ka1 {[%emt 0:00:02]} Bxf5 {[%emt 0:00:00]} 36. Rxf5 {[%emt 0:00:01]} Kc7 {[%emt 0:00:00]} 37. Qd3 {[%emt 0:00:00]} Qd6 {[%emt 0:00:00]} 38. Qc4+ {[%emt 0:00:01]} Qc6 {[%emt 0:00:01] ' ' '} 39. Rf7+ {[%emt 0:00:00]} Kb6 {[%emt 0:00:00] Âðåìÿ Âðåìÿ Âðåìÿ (Lag: Av=0.54s, max=1.1s) (Lag: Av=0.54s, max=1.1s) (Lag: Av=0.54s, max=1.1s)} 0-1

[Event "401 Stay Safe Play From Home series"]
[Site "Emanuel Lasker Arena"]
[Date "2020.08.21"]
[Round "5"]
[White "Klasman"]
[Black "Ao017545"]
[Result "0-1"]
[WhiteElo "1341"]
[BlackElo "1614"]
[Annotator "NA RC"]
[PlyCount "42"]
[EventDate "2020.08.21"]
[EventType "swiss (blitz)"]

1. f4 {[%emt 0:00:03]} e5 {[%emt 0:00:00]} 2. fxe5 {[%emt 0:00:02]} d6 {[%emt 0:00:00]} 3. Nf3 {[%emt 0:00:01]} dxe5 {[%emt 0:00:01]} 4. e4 {[%emt 0:00:01]} Bg4 {[%emt 0:00:02]} 5. c4 {[%emt 0:00:04]} Nc6 {[%emt 0:00:01]} 6. Qb3 {[%emt 0:00:03]} Nd4 {[%emt 0:00:01]} 7. Qxb7 {[%emt 0:00:03]} Rb8 {[%emt 0:00:04]} 8. Qd5 {[%emt 0:00:02]} Qxd5 {[%emt 0:00:04]} 9. cxd5 {[%emt 0:00:03]} Nc2+ {[%emt 0:00:00]} 10. Kf2 {[%emt 0:00:05]} Nxa1 {[%emt 0:00:01]} 11. Nxe5 {[%emt 0:00:02]} Nf6 {[%emt 0:00:04]} 12. Bd3 {[%emt 0:00:03]} Bh5 {[%emt 0:00:02]} 13. b3 {[%emt 0:00:03]} Ng4+ {[%emt 0:00:01]} 14. Nxg4 {[%emt 0:00:06]} Bxg4 {[%emt 0:00:02]} 15. Bb2 {[%emt 0:00:01]} Bc5+ {[%emt 0:00:01]} 16. Kg3 {[%emt 0:00:02]} Nxb3 {[%emt 0:00:09]} 17. axb3 {[%emt 0:00:02]} Rxb3 {[%emt 0:00:02]} 18. Bxg7 {[%emt 0:00:02]} Rxd3+ {[%emt 0:00:02]} 19. Kxg4 {[%emt 0:00:03]} Rg8 {[%emt 0:00:00]} 20. Kf5 {[%emt 0:00:06]} Rxg7 {[%emt 0:00:01]} 21. Rc1 {[%emt 0:00:03]} Bd6 {[%emt 0:00:01] Time Time Time (Lag: Av=0.71s, max=1.2s) (Lag: Av=0.71s, max=1.2s) (Lag: Av=0.71s, max=1.2s)} 0-1

[Event "401 Stay Safe Play From Home series"]
[Site "Emanuel Lasker Arena"]
[Date "2020.08.21"]
[Round "6"]
[White "AChessPlayer"]
[Black "Fat Kevin"]
[Result "1-0"]
[WhiteElo "2440"]
[BlackElo "2016"]
[Annotator "TA"]
[PlyCount "68"]
[EventDate "2020.08.21"]
[EventType "swiss (blitz)"]

{[%evp 21,68,26,38,32,34,28,233,167,185,122,200,163,268,257,250,258,293,294,281,273,289,289,276,266,472,469,439,413,406,416,410,394,465,455,443,406,1213,1169,1750,1640,29971,29971,1910,1869,29983,29984,29990,29991,29991]} 1. Nf3 c5 2. g3 Nf6 3. Bg2 Nc6 4. O-O e6 5. c4 d5 6. cxd5 exd5 7. d4 h6 8. Nc3 Be7 9. dxc5 Bxc5 10. Na4 Be7 11. Be3 O-O 12. Rc1 {D34: Tarrasch Defence: 6 g3 Nf6 7 Bg2 Be7.} Be6 13. Nc5 {[#]} d4 $146 {[#]} (13... Bxc5 $11 14. Bxc5 Re8) ({Predecessor:} 13... Rb8 14. Nd4 Nxd4 15. Bxd4 b6 16. Nd3 Rc8 17. Qb3 Qd6 18. Nf4 Ne4 19. Rxc8 Rxc8 {½-½ (33) Caliskan,S (1802)-Aslanov,U (1870) Antalya 2019}) 14. Nxd4 {White is clearly better.} Bxc5 15. Rxc5 (15. Nxe6 $18 Qxd1 16. Rcxd1 fxe6 17. Bxc5) 15... Qe7 (15... Nxd4 $16 {was called for.} 16. Bxd4 (16. Qxd4 Qxd4 17. Bxd4 b6 $16) 16... b6) 16. Nxe6 fxe6 (16... Qxe6 $142 17. Qa4 Rad8 18. Bxc6 bxc6 19. Rxc6 Qh3) 17. Bxc6 $18 bxc6 18. Rxc6 Rfd8 19. Qc2 Nd5 20. Bd2 Rab8 21. b3 Qf6 22. Qe4 Ne7 $2 {[#]} (22... Qf5 {might work better.} 23. Rxe6 Qxe4 24. Rxe4 Nf6) 23. Rxe6 Qf5 24. Bf4 Qxe4 25. Rxe4 Rb7 26. Rc1 Nd5 27. Rd4 Rdd7 28. Rcd1 Nxf4 (28... Nf6 $142 29. e4 Kf7) 29. Rxd7 Nxe2+ 30. Kf1 Nxg3+ 31. hxg3 Rb6 32. Rxa7 Rf6 33. Rdd7 h5 34. Rxg7+ Kf8 {Accuracy: White = 72%, Black = 35%.} 1-0